000 00391nam a2200133Ia 4500
005 20260328104339.0
008 260328s9999||||xx |||||||||||||| ||und||
100 _aAlbornoz, Cristina
245 0 _aDiálogos con el Dibujos , Arquitectura de Daniel Bermúdez /
_cCristina Albornoz
260 _bUniversidad de los Andes
300 _a166 p.
650 _aDIBUJO ARQUITECTÓNICO
942 _cBK
999 _c12017
_d12017